Statistics for Name That AEW Tag Team

Click here to take the quiz!

General Stats

  • This quiz has been taken 55 times
  • The average score is 13 of 17

Answer Stats

WrestlersTeam Name% Correct
Max Caster & Anthony BowensThe Acclaimed
100%
Cash Wheeler & Dax HarwoodFTR
96%
Matt & Nick JacksonThe Young Bucks
94%
Trent & Chuck TaylorBest Friends
92%
Penta El Zero Miedo & Rey FénixThe Lucha Brothers
92%
MJF & Adam ColeBetter Than You Bay Bay
90%
Evil Uno & Stu GraysonThe Dark Order
90%
Jungle Boy & LuchasaurusJurassic Express
83%
Saraya & Ruby SohoThe Outcasts
79%
Frankie Kazarian & Scorpio SkySoCal Uncensored
71%
Mark Davis & Kyle FletcherAussie Open
69%
Keith Lee & Swerve StricklandSwerve in Our Glory
67%
Austin Gunn & Colten GunnThe Gunn Club
67%
Matt Taven & Mike BennettThe Kingdom
67%
Kenny Omega & Kota IbushiThe Golden Lovers
63%
Ortiz & SantanaProud and Powerful
48%
Angelico & Jack EvansThe Hybrid 2
48%

Score Distribution

Percentile by Number Answered

Percent of People with Each Score

Your Score History

You have not taken this quiz